01344nam a22003257a 4500999001700000003000900017005001700026008004100043020001800084040004300102082002000145100003600165245012000201250002100321264005200342300004200394336002600436337002800462338002700490490003000517520008800547590001700635650006300652650005600715653002800771655001700799700004200816942001200858952014800870 c16098d16098EG-ScBUE20191214105408.0110928r20102009enka f 000 0 eng d a9780521716338 aEG-ScBUEbengerdacEG-ScBUEdEG-ScBUE04a428.24bLEV2221 927392aLevy, Meredith,eauthor.10aPairwork and groupwork :bmulti-level photocopiable activities for teenagers /cMeredith Levy, Nicholas Murgatroyd. aReprint edition. 1aCambridge :bCambridge University Press,c2010. a119 pages :billustrations ;c30 cm.  2rdacontentatextbtxt 2rdamediaaunmediatedbn 2rdacarrieravolumebnc0 aCambridge copy collection aA rich resource for stimulating extra communication practice in pairs and groups.  aamira yasser 7aEnglish languagexComposition and exercises.2BUEsh910202 7aEnglish languagexStudy and teaching.2BUEsh910318 cSeptember2011bHHUUEENN vReading book1 927391aMurgatroyd, Nicholas,4author. 2ddccBB 00102ddc40708BaccahaMAINbMAINc2NDd2011-09-28epurchasel1m1o428.24 LEV TRp000024955r2025-07-15 00:00:00s2013-02-20w2011-09-28yTR